QUEST Central Library Banner

Power machinces (Record no. 12710)

MARC details
000 -LEADER
fixed length control field 00198nam a22001097a 4500
082 ## - DEWEY DECIMAL CLASSIFICATION NUMBER
Classification number 620.1MIL
100 ## - MAIN ENTRY--AUTHOR NAME
Personal name Miller W R
245 ## - TITLE STATEMENT
Title Power machinces
260 ## - PUBLICATION, DISTRIBUTION, ETC. (IMPRINT)
Year of publication 1978
300 ## - PHYSICAL DESCRIPTION
Number of Pages 91
942 ## - ADDED ENTRY ELEMENTS (KOHA)
Koha item type Books
Holdings
Withdrawn status Lost status Home library Current library Date acquired Cost, normal purchase price Full call number Accession Number Koha item type
    Seminar Library, Mechanical Engg. Seminar Library, Mechanical Engg. 26/03/2015 80.78 620.1MIL 8143 Books

Copyright © 2018,The QUEST, Nawabshah, Shaheed Benazirabad. All rights reserved
Mr. G. Farooq Channar (Librarian) QUEST, Nawabshah, Sindh, Pakistan 67480.
 Ph#: |   0244-9370381-4 Ext. 2308   Email| lib@quest.edu.pk   Web|  http://www.quest.edu.pk